[Event "Stay Safe Play From Home 213"]
[Site "T#646679Emanuel Laske"]
[Date "2020.06.09"]
[Round "1"]
[White "Lazieri3"]
[Black "Timbre"]
[Result "1-0"]
[WhiteElo "2016"]
[BlackElo "1671"]
[Annotator "TA"]
[PlyCount "57"]
[EventDate "2020.06.09"]
[EventType "swiss (blitz)"]

{[%evp 15,56,43,37,18,42,0,41,29,45,42,36,19,22,14,31,38,90,89,108,101,134,127,216,173,216,208,169,127,220,187,185,180,226,149,679,676,950,847,29992,29993,29997,29998,29999]} 1. e4 c6 2. d4 d5 3. Nc3 dxe4 4. Nxe4 Bf5 5. Ng3 Bg6 6. Nf3 Nd7 7. Bd3 Ngf6 8. Bxg6 hxg6 9. Bf4 {B18: Classical Caro-Kann: 4...Bf5 sidelines.} e6 10. h3 Nb6 11. c3 {[#] White is slightly better.} Bd6 $146 ({Predecessor:} 11... Be7 12. Qe2 O-O 13. Rd1 Nbd5 14. Bg5 Qa5 15. O-O b5 16. c4 bxc4 17. Qxc4 Rfc8 {0-1 (36) Cozl,M-Klecker,T (1832) Prague 2005}) 12. Bxd6 Qxd6 13. Ne5 Nbd7 14. Qe2 Qe7 (14... Qc7 {with more complications.} 15. O-O Rd8 16. Nf3 O-O 17. Rfe1 Rfe8) 15. O-O-O Nxe5 ({Black should try} 15... O-O-O $14) 16. dxe5 $16 ({Don't play} 16. Qxe5 $6 Rd8 $11) 16... Nd5 17. Ne4 O-O 18. h4 Nf4 (18... f6 $16 {was called for.}) 19. Qf3 Nd5 20. h5 {And now hxg6 would win.} g5 21. h6 {[#] Black must now prevent hxg7.} g6 (21... f5 $16) 22. h7+ Kh8 23. Qg4 Rad8 24. Nxg5 Nxc3 $2 {[%mdl 8192] This costs Black the game.} (24... a5 $16 25. Qg3 a4) 25. bxc3 $18 Qa3+ 26. Kb1 {Intending Rxd8 and mate.} Qxc3 {[#]} 27. Nxf7+ $1 {[%mdl 576] Discovered Attack, Deflection, Promotion. White mates.} Rxf7 28. Rxd8+ Kg7 29. h8=Q# {Accuracy: White = 63%, Black = 27%.} 1-0

[Event "Stay Safe Play From Home 213"]
[Site "T#646679Emanuel Laske"]
[Date "2020.06.09"]
[Round "1"]
[White "Edmatuag"]
[Black "little champs"]
[Result "0-1"]
[WhiteElo "1740"]
[BlackElo "2082"]
[Annotator "TA"]
[PlyCount "88"]
[EventDate "2020.06.09"]
[EventType "swiss (blitz)"]

{[%evp 16,88,22,4,34,-8,0,0,27,29,93,13,62,0,23,20,34,29,45,59,56,-27,30,-16,-27,-27,-17,-241,-243,-396,-293,-731,-163,-169,-123,-178,-179,-918,-643,-820,-225,-739,-570,-859,-820,-930,-542,-535,0,-643,-625,-1035,-1032,-979,-962,-1350,-1325,-1340,-939,-1324,-1310,-1323,-1233,-29975,-29977,-29982,-29983,-29984,-1022,-960,-884,-921,-869,-29991,-1228]} 1. e4 c5 2. Nf3 d6 3. d4 cxd4 4. Nxd4 Nf6 5. Nc3 a6 6. Be2 e5 7. Nb3 Be7 8. Qd3 O-O 9. O-O b5 {B92: Sicilian Najdorf: 6 Be2.} 10. a3 Bb7 {[#]} 11. Bd2 $146 ({Predecessor:} 11. Be3 Nbd7 12. f4 Re8 13. g4 exf4 14. Rxf4 Ne5 15. Qd4 Ng6 16. Rf2 Bf8 17. Raf1 {0-1 (32) Schlaeger,R (1670)-Jahrke,J (1875) Dortmund 2019}) 11... Nc6 {The position is equal.} 12. Nd5 Rc8 (12... Nxd5 $11 {keeps the balance.} 13. exd5 Nd4) 13. Rac1 (13. a4 $16) 13... Re8 14. Kh1 ({White should play} 14. Rfe1 $14) 14... Bf8 15. Bg5 {Black must now prevent Bg4!} Be7 $1 16. Nxe7+ Nxe7 17. Bxf6 gxf6 18. f4 (18. Qe3 $14) 18... Ng6 ({Better is} 18... exf4 $1 19. Bg4 Rc4) 19. f5 Nf4 20. Qg3+ Kh8 21. Rxf4 $2 (21. Bf3 $11) 21... exf4 $19 22. Qxf4 $2 (22. Qf2 {was worth a try.}) 22... Bxe4 23. c3 $2 {[#]} (23. Qd2) 23... d5 $2 (23... Bxg2+ $1 {[%mdl 512]} 24. Kxg2 Rxe2+ {[%mdl 64] Double Attack} 25. Kf3 Qe7) 24. Nd4 Qc7 25. Qh4 (25. Qxc7 $17 Rxc7 26. Kg1) 25... Qe5 {aiming for ...Qxd4!} 26. Bh5 $2 (26. Re1) 26... Rg8 27. Rg1 {[#]} Rg5 $2 (27... Qxd4 $1 {[%mdl 512]} 28. Bf3 (28. cxd4 Bxg2+) 28... Qe5) 28. Bxf7 $2 (28. Bf3) 28... Rc7 29. Bg6 Rg7 30. Ne6 {[#]} R7xg6 $1 {[%mdl 512]} 31. fxg6 {[#]} Rxg6 $2 $40 {[%mdl 128] Black mounts an attack.} (31... Rh5 $1 $19 {[%cal Rh5h4]} 32. Ng5 (32. g7+ $2 Kg8 $19) 32... Bxg6) 32. Nf8 $2 {[%mdl 8192]} (32. Nd4 $11) 32... Rg7 33. Qh3 {[#]} Bxg2+ $1 {[%mdl 512]} 34. Qxg2 (34. Rxg2 Qe1+) 34... Rxg2 35. Rxg2 {[%mdl 4096] Endgame KQ-KRN} Qe1+ 36. Rg1 Qe4+ 37. Rg2 f5 38. Nd7 Qe7 39. Nb6 f4 40. h3 f3 41. Rg1 {[#]} f2 (41... Qe6 $142 $1 42. Kh2 Qxb6 43. Kh1 Qe6 44. Kh2 Qe5+ 45. Kh1 Qe2 46. b3 f2 47. Rc1 f1=Q+ 48. Rxf1 Qxf1+ {[%mdl 64] Double Attack} 49. Kh2 Qf2+ 50. Kh1 Kg7 51. a4 Kh6 52. axb5 Kh5 53. c4 Kh4 54. bxa6 Kxh3 55. cxd5 Qh2#) 42. Rf1 {[#]} Qe6 $1 {[%cal Re6h3]} 43. Rxf2 Qxb6 44. Kh2 Qxf2+ {[%mdl 64] Double Attack. Accuracy: White = 25%, Black = 47%.} 0-1

[Event "Stay Safe Play From Home 213"]
[Site "T#646679Emanuel Laske"]
[Date "2020.06.09"]
[Round "1"]
[White "Matanant"]
[Black "Haris kollari 13"]
[Result "0-1"]
[WhiteElo "1670"]
[BlackElo "1970"]
[Annotator "NA RC"]
[PlyCount "74"]
[EventDate "2020.06.09"]
[EventType "swiss (blitz)"]

1. e4 {[%emt 0:00:03]} e6 {[%emt 0:00:01]} 2. Nf3 {[%emt 0:00:02]} d5 {[%emt 0:00:01]} 3. exd5 {[%emt 0:00:03]} exd5 {[%emt 0:00:00]} 4. d4 {[%emt 0:00:00]} c6 {[%emt 0:00:01]} 5. h3 {[%emt 0:00:02]} Bd6 {[%emt 0:00:01]} 6. Bd3 {[%emt 0:00:01]} Nf6 {[%emt 0:00:01]} 7. O-O {[%emt 0:00:01]} Be6 {[%emt 0:00:01]} 8. Bg5 {[%emt 0:00:04]} Nbd7 {[%emt 0:00:03]} 9. Re1 {[%emt 0:00:03]} Qc7 {[%emt 0:00:02]} 10. Nbd2 {[%emt 0:00:05]} h6 {[%emt 0:00:06]} 11. Be3 {[%emt 0:00:02]} O-O-O {[%emt 0:00:04]} 12. Nf1 {[%emt 0:00:02]} Rde8 {[%emt 0:00:03]} 13. c4 {[%emt 0:00:02]} Ne4 {[%emt 0:00:15]} 14. c5 {[%emt 0:00:05]} Be7 {[%emt 0:00:05]} 15. b4 {[%emt 0:00:02]} f5 {[%emt 0:00:03]} 16. Qb3 {[%emt 0:00:12]} g5 {[%emt 0:00:02]} 17. b5 {[%emt 0:00:03]} Bf6 {[%emt 0:00:12]} 18. a4 {[%emt 0:00:09]} g4 {[%emt 0:00:07]} 19. N3d2 {[%emt 0:00:05]} f4 {[%emt 0:00:05]} 20. Nxe4 {[%emt 0:00:02]} dxe4 {[%emt 0:00:01]} 21. Bc4 {[%emt 0:00:09]} Bxc4 {[%emt 0:00:02]} 22. Qxc4 {[%emt 0:00:02]} fxe3 {[%emt 0:00:01]} 23. Nxe3 {[%emt 0:00:08]} gxh3 {[%emt 0:00:01]} 24. g3 {[%emt 0:00:02]} h5 {[%emt 0:00:02]} 25. Rac1 {[%emt 0:00:12]} h4 {[%emt 0:00:02]} 26. g4 {[%emt 0:00:07]} Bg5 {[%emt 0:00:01]} 27. d5 {[%emt 0:00:04]} Bxe3 {[%emt 0:00:05]} 28. Rxe3 {[%emt 0:00:02]} h2+ {[%emt 0:00:09]} 29. Kh1 {[%emt 0:00:04]} cxd5 {[%emt 0:00:04]} 30. Qxd5 {[%emt 0:00:02]} Qe5 {[%emt 0:00:04]} 31. Qxe5 {[%emt 0:00:05]} Nxe5 {[%emt 0:00:01]} 32. Rxe4 {[%emt 0:00:07]} Nd3 {[%emt 0:00:04]} 33. Rxe8+ {[%emt 0:00:03]} Rxe8 {[%emt 0:00:01]} 34. Rc2 {[%emt 0:00:03]} Re4 {[%emt 0:00:13]} 35. Kxh2 {[%emt 0:00:02]} Rxg4 {[%emt 0:00:01]} 36. a5 {[%emt 0:00:03]} Rf4 {[%emt 0:00:04]} 37. Kg2 {[%emt 0:00:16]} Ne1+ {[%emt 0:00:04] Matanant resigns (Lag: Av=0.66s, max=1.4s)} 0-1

[Event "Stay Safe Play From Home 213"]
[Site "T#646679Emanuel Laske"]
[Date "2020.06.09"]
[Round "2"]
[White "little champs"]
[Black "Lazieri3"]
[Result "1-0"]
[WhiteElo "2086"]
[BlackElo "2020"]
[Annotator "TA"]
[PlyCount "141"]
[EventDate "2020.06.09"]
[EventType "swiss (blitz)"]

{[%evp 10,140,60,41,51,51,54,51,46,44,61,60,54,44,59,52,62,39,37,46,52,33,38,26,48,28,38,18,48,32,43,0,52,22,18,15,52,33,42,17,52,52,89,0,0,0,70,41,508,504,453,356,483,356,576,332,1070,1066,1034,702,1016,981,819,763,759,641,612,594,576,571,578,576,535,328,571,670,604,611,611,373,29963,29968,5189,3640,2466,2408,1775,1702,29967,29968,29965,29968,29967,29959,5106,29961,4614,1570,29978,29978,29980,29981,29981,29982,29980,29981,29984,29982,29982,29983,29984,29984,29985,29986,29993,29994,29994,29994,29997,29993,29993,29994,29996,29995,29995,29996,29996,29997,29997,29997,29998,29998,29999]} 1. d4 d5 2. e3 c6 3. c4 Nf6 4. Nc3 Bf5 5. cxd5 Nxd5 6. Qb3 Nxc3 {D10: Slav Defence: 3 cxd5 (without early Nf3) and 3 Nc3.} 7. bxc3 Qb6 {[#]} 8. Bc4 $146 (8. Nf3 {keeps more tension.} Nd7 9. Be2 e5 10. dxe5 Nc5 11. Qc4) ({Predecessor:} 8. f3 Nd7 9. e4 Qxb3 10. axb3 Bg6 11. Be3 e6 12. Nh3 Bd6 13. Kd2 a6 14. e5 {½-½ (43) Choroszej,A (2074)-Bajkowski,M (1821) Warsaw 2011}) 8... Qxb3 {White is slightly better.} 9. axb3 e6 10. Nf3 Nd7 11. O-O Bd6 12. Re1 O-O 13. e4 Bg6 14. e5 Bc7 15. Ba3 Rfd8 16. Nh4 Nb6 17. Nxg6 hxg6 18. Be2 a6 19. Bg4 Nd5 20. Bb2 Nf4 ({Black should try} 20... c5 $11) 21. Rad1 Nd5 22. c4 Nb4 23. Bc3 a5 24. h3 Bb6 25. Rd2 c5 {[%cal Rc5d4]} 26. Bxb4 (26. d5 $1 $16) 26... cxb4 $11 27. d5 Rac8 (27... a4 $11) 28. Red1 exd5 $2 {[%mdl 8192] This costs Black the game.} (28... Kf8 $14) 29. Bxc8 $18 Rxc8 30. cxd5 $14 {[%mdl 4096] Endgame KRR-KRB} Rc3 31. d6 Rxb3 $2 (31... Bd8 {was called for.} 32. Rd3 Rxd3 33. Rxd3 Kf8) 32. d7 a4 $2 (32... Bd8 33. Re2 a4) 33. d8=Q+ Bxd8 34. Rxd8+ Kh7 35. Ra8 a3 36. Kh2 Rb2 37. Rdd8 {[%csl Ga8][%cal Rd8h8] [#]} g5 38. Rdb8 a2 39. Rxb7 b3 {Black hopes to continue with ...Rb1.} 40. Rxf7 Rb1 {And now ...b2 would win.} 41. Rfa7 Re1 $2 (41... b2) 42. Rb8 $18 a1=Q 43. Rxa1 Rxa1 44. Rxb3 {KR-KR} Re1 $2 {[#]} (44... Ra6 $18 45. Re3 Re6) 45. Re3 $1 Ra1 46. Kg3 Kg8 47. e6 Kf8 48. Kg4 Ra2 49. Kxg5 Ke7 50. Rf3 Kxe6 51. Kg6 Ra7 52. g4 Rb7 53. h4 (53. g5 $142 Rc7 54. Rf8) 53... Ra7 54. g5 {White mates.} Rc7 55. h5 Ra7 56. h6 gxh6 57. gxh6 Ra4 58. Rg3 Rh4 59. h7 Ke5 60. Kg7 Kf4 61. h8=Q Rg4+ 62. Rxg4+ Kxg4 63. Qf8 Kh5 64. f4 Kg4 65. f5 Kh5 66. f6 Kg5 67. f7 Kg4 68. Qe7 Kh5 69. f8=Q {[%cal Rf8f5]} Kg4 70. Qe4+ Kh5 71. Qff5# {Accuracy: White = 76%, Black = 54%.} 1-0

[Event "Stay Safe Play From Home 213"]
[Site "T#646679Emanuel Laske"]
[Date "2020.06.09"]
[Round "2"]
[White "Buzaglo"]
[Black "Haris kollari 13"]
[Result "0-1"]
[WhiteElo "1819"]
[BlackElo "1975"]
[Annotator "NA RC"]
[PlyCount "62"]
[EventDate "2020.06.09"]
[EventType "swiss (blitz)"]

1. d4 {[%emt 0:00:02]} e6 {[%emt 0:00:02]} 2. Nf3 {[%emt 0:00:02]} d5 {[%emt 0:00:01]} 3. g3 {[%emt 0:00:03]} c5 {[%emt 0:00:01]} 4. Bg2 {[%emt 0:00:06]} Nc6 {[%emt 0:00:01]} 5. O-O {[%emt 0:00:01]} Bd6 {[%emt 0:00:02]} 6. dxc5 {[%emt 0:00:01]} Bxc5 {[%emt 0:00:01]} 7. c4 {[%emt 0:00:03]} dxc4 {[%emt 0:00:04]} 8. Qc2 {[%emt 0:00:01]} Nge7 {[%emt 0:00:18]} 9. Qxc4 {[%emt 0:00:03]} Bb6 {[%emt 0:00:01]} 10. Bf4 {[%emt 0:00:05]} O-O {[%emt 0:00:01]} 11. Nc3 {[%emt 0:00:01]} Ng6 {[%emt 0:00:07]} 12. Bg5 {[%emt 0:00:09]} f6 {[%emt 0:00:02]} 13. Bd2 {[%emt 0:00:02]} Nce5 {[%emt 0:00:09]} 14. Qb3 {[%emt 0:00:03]} Nxf3+ {[%emt 0:00:02]} 15. Bxf3 {[%emt 0:00:00]} Qxd2 {[%emt 0:00:02]} 16. Rad1 {[%emt 0:00:05]} Qg5 {[%emt 0:00:01]} 17. Ne4 {[%emt 0:00:04]} Qe5 {[%emt 0:00:11]} 18. Nd6 {[%emt 0:00:07]} Ne7 {[%emt 0:00:24]} 19. Nxb7 {[%emt 0:00:31]} Bxb7 {[%emt 0:00:05]} 20. Bxb7 {[%emt 0:00:00]} Rad8 {[%emt 0:00:03]} 21. Rc1 {[%emt 0:00:04]} Kh8 {[%emt 0:00:10]} 22. e3 {[%emt 0:00:05]} Nd5 {[%emt 0:00:05]} 23. Qb5 {[%emt 0:00:15]} Nxe3 {[%emt 0:00:41]} 24. Qxe5 {[%emt 0:00:27]} fxe5 {[%emt 0:00:01]} 25. fxe3 {[%emt 0:00:10]} Bxe3+ {[%emt 0:00:02]} 26. Kg2 {[%emt 0:00:00]} Bxc1 {[%emt 0:00:02]} 27. Rxc1 {[%emt 0:00:00]} Rd2+ {[%emt 0:00:01]} 28. Kh3 {[%emt 0:00:03]} Rxb2 {[%emt 0:00:01]} 29. Re1 {[%emt 0:00:03]} Rxb7 {[%emt 0:00:02]} 30. Rxe5 {[%emt 0:00:02]} Rb6 {[%emt 0:00:01]} 31. Ra5 {[%emt 0:00:02]} Rf7 {[%emt 0:00:02] Buzaglo resigns (Lag: Av=0.97s, max=4.7s)} 0-1

[Event "Stay Safe Play From Home 213"]
[Site "T#646679Emanuel Laske"]
[Date "2020.06.09"]
[Round "2"]
[White "Timbre"]
[Black "Edmatuag"]
[Result "1/2-1/2"]
[WhiteElo "1667"]
[BlackElo "1736"]
[Annotator "NA RC"]
[PlyCount "85"]
[EventDate "2020.06.09"]
[EventType "swiss (blitz)"]

1. d4 {[%emt 0:00:02]} d5 {[%emt 0:00:01]} 2. Nf3 {[%emt 0:00:02]} Nf6 {[%emt 0:00:02]} 3. c3 {[%emt 0:00:01]} e6 {[%emt 0:00:05]} 4. Bf4 {[%emt 0:00:02]} Bd6 {[%emt 0:00:01]} 5. Bg3 {[%emt 0:00:02]} c5 {[%emt 0:00:03]} 6. e3 {[%emt 0:00:01]} b6 {[%emt 0:00:01]} 7. Nbd2 {[%emt 0:00:01]} Nc6 {[%emt 0:00:01]} 8. Bd3 {[%emt 0:00:02]} Bb7 {[%emt 0:00:03]} 9. Qe2 {[%emt 0:00:01]} O-O {[%emt 0:00:07]} 10. e4 {[%emt 0:00:03]} dxe4 {[%emt 0:00:01]} 11. Nxe4 {[%emt 0:00:02]} Nxe4 {[%emt 0:00:03]} 12. Qxe4 {[%emt 0:00:01]} g6 {[%emt 0:00:12]} 13. Qe2 {[%emt 0:00:02]} cxd4 {[%emt 0:00:04]} 14. cxd4 {[%emt 0:00:03]} Bb4+ {[%emt 0:00:04]} 15. Kf1 {[%emt 0:00:05]} Nxd4 {[%emt 0:00:10]} 16. Nxd4 {[%emt 0:00:02]} Qxd4 {[%emt 0:00:01]} 17. Be5 {[%emt 0:00:08]} Qd5 {[%emt 0:00:06]} 18. f3 {[%emt 0:00:04]} f6 {[%emt 0:00:04]} 19. Bg3 {[%emt 0:00:02]} e5 {[%emt 0:00:18]} 20. Bc4 {[%emt 0:00:02]} Rfd8 {[%emt 0:00:05]} 21. Bxd5+ {[%emt 0:00:01]} Rxd5 {[%emt 0:00:05]} 22. Kg1 {[%emt 0:00:03]} Kg7 {[%emt 0:00:12]} 23. h4 {[%emt 0:00:06]} Rad8 {[%emt 0:00:03]} 24. Rf1 {[%emt 0:00:06]} Bc5+ {[%emt 0:00:02]} 25. Kh2 {[%emt 0:00:08]} h5 {[%emt 0:00:03]} 26. Bf2 {[%emt 0:00:04]} Rd2 {[%emt 0:00:03]} 27. Qc4 {[%emt 0:00:09]} Rxf2 {[%emt 0:00:06]} 28. Rxf2 {[%emt 0:00:03]} Bd5 {[%emt 0:00:06]} 29. Qa6 {[%emt 0:00:07]} Bxf2 {[%emt 0:00:03]} 30. Qxa7+ {[%emt 0:00:01]} Kh6 {[%emt 0:00:03]} 31. Rd1 {[%emt 0:00:04]} Ra8 {[%emt 0:00:07]} 32. Qd7 {[%emt 0:00:09]} Bxa2 {[%emt 0:00:03]} 33. Ra1 {[%emt 0:00:10]} Bd5 {[%emt 0:00:04]} 34. Rxa8 {[%emt 0:00:02]} Bxa8 {[%emt 0:00:01]} 35. g3 {[%emt 0:00:04]} Bxf3 {[%emt 0:00:03]} 36. Qd6 {[%emt 0:00:03]} Kg7 {[%emt 0:00:05]} 37. Qe7+ {[%emt 0:00:04]} Kh6 {[%emt 0:00:05]} 38. Qxf6 {[%emt 0:00:01]} e4 {[%emt 0:00:02]} 39. Qf4+ {[%emt 0:00:05]} Kg7 {[%emt 0:00:03]} 40. Qc7+ {[%emt 0:00:02]} Kh6 {[%emt 0:00:02]} 41. Qf4+ {[%emt 0:00:01]} Kg7 {[%emt 0:00:02]} 42. Qc7+ {[%emt 0:00:01]} Kh6 {[%emt 0:00:01]} 43. Qf4+ {[%emt 0:00:01] (Lag: Av=0.51s, max=4.8s)} 1/2-1/2

[Event "Stay Safe Play From Home 213"]
[Site "T#646679Emanuel Laske"]
[Date "2020.06.09"]
[Round "3"]
[White "Haris kollari 13"]
[Black "little champs"]
[Result "0-1"]
[WhiteElo "1985"]
[BlackElo "2100"]
[Annotator "NA RC"]
[PlyCount "86"]
[EventDate "2020.06.09"]
[EventType "swiss (blitz)"]

1. e4 {[%emt 0:00:01]} e6 {[%emt 0:00:03]} 2. f4 {[%emt 0:00:02]} d5 {[%emt 0:00:00]} 3. e5 {[%emt 0:00:01]} c5 {[%emt 0:00:01]} 4. Nf3 {[%emt 0:00:01]} Nc6 {[%emt 0:00:00]} 5. b3 {[%emt 0:00:01]} Nge7 {[%emt 0:00:01]} 6. c3 {[%emt 0:00:01]} Ng6 {[%emt 0:00:01]} 7. g3 {[%emt 0:00:02]} Be7 {[%emt 0:00:02]} 8. Bd3 {[%emt 0:00:01]} O-O {[%emt 0:00:00]} 9. Bc2 {[%emt 0:00:03]} f6 {[%emt 0:00:01]} 10. exf6 {[%emt 0:00:02]} Bxf6 {[%emt 0:00:01]} 11. Qe2 {[%emt 0:00:02]} e5 {[%emt 0:00:03]} 12. f5 {[%emt 0:00:03]} Nge7 {[%emt 0:00:03]} 13. g4 {[%emt 0:00:03]} e4 {[%emt 0:00:00]} 14. Ng1 {[%emt 0:00:13]} Ne5 {[%emt 0:00:01]} 15. h3 {[%emt 0:00:04]} Bh4+ {[%emt 0:00:02]} 16. Kf1 {[%emt 0:00:02]} g6 {[%emt 0:00:00]} 17. d4 {[%emt 0:00:09]} cxd4 {[%emt 0:00:05]} 18. cxd4 {[%emt 0:00:01]} N5c6 {[%emt 0:00:00]} 19. Qe3 {[%emt 0:00:20]} gxf5 {[%emt 0:00:06]} 20. g5 {[%emt 0:00:01]} f4 {[%emt 0:00:09]} 21. Qd2 {[%emt 0:00:01]} Bxg5 {[%emt 0:00:06]} 22. Qg2 {[%emt 0:00:02]} Nf5 {[%emt 0:00:05]} 23. h4 {[%emt 0:00:03]} Ng3+ {[%emt 0:00:01]} 24. Ke1 {[%emt 0:00:06]} Bh6 {[%emt 0:00:07]} 25. Ne2 {[%emt 0:00:10]} Kh8 {[%emt 0:00:02]} 26. Nxg3 {[%emt 0:00:03]} Rg8 {[%emt 0:00:00]} 27. Qf2 {[%emt 0:00:17]} fxg3 {[%emt 0:00:05]} 28. Qe2 {[%emt 0:00:19]} Bxc1 {[%emt 0:00:02]} 29. Nd2 {[%emt 0:00:00]} Bxd2+ {[%emt 0:00:02]} 30. Qxd2 {[%emt 0:00:01]} g2 {[%emt 0:00:02]} 31. Rg1 {[%emt 0:00:01]} Qxh4+ {[%emt 0:00:01]} 32. Kd1 {[%emt 0:00:01]} Bg4+ {[%emt 0:00:01]} 33. Kc1 {[%emt 0:00:01]} Bf3 {[%emt 0:00:01]} 34. Kb2 {[%emt 0:00:01]} Qf6 {[%emt 0:00:02]} 35. Rae1 {[%emt 0:00:15]} Qxd4+ {[%emt 0:00:02]} 36. Qxd4+ {[%emt 0:00:04]} Nxd4 {[%emt 0:00:01]} 37. Bd1 {[%emt 0:00:02]} Raf8 {[%emt 0:00:01]} 38. Kc3 {[%emt 0:00:02]} Bxd1 {[%emt 0:00:01]} 39. Rxd1 {[%emt 0:00:02]} Ne2+ {[%emt 0:00:01]} 40. Kd2 {[%emt 0:00:04]} Nxg1 {[%emt 0:00:00]} 41. Rxg1 {[%emt 0:00:01]} Rf1 {[%emt 0:00:01]} 42. Rxg2 {[%emt 0:00:01]} Rxg2+ {[%emt 0:00:01]} 43. Ke3 {[%emt 0:00:00]} Rf3+ {[%emt 0:00:01] Haris kollari 13 resigns (Lag: Av=0.57s, max=0.9s)} 0-1

[Event "Stay Safe Play From Home 213"]
[Site "T#646679Emanuel Laske"]
[Date "2020.06.09"]
[Round "3"]
[White "Edmatuag"]
[Black "Lazieri3"]
[Result "1-0"]
[WhiteElo "1732"]
[BlackElo "2006"]
[Annotator "TA"]
[PlyCount "141"]
[EventDate "2020.06.09"]
[EventType "swiss (blitz)"]

{[%evp 11,141,-4,31,8,8,-35,-32,-29,-29,-60,-25,-29,0,-28,-9,-17,-11,-18,-15,-24,70,14,19,-14,144,145,135,140,141,142,137,137,143,129,166,164,188,164,172,164,158,161,162,136,137,135,131,127,126,128,135,133,119,128,132,122,138,120,159,158,146,114,110,113,112,113,138,122,116,125,122,122,151,145,185,140,144,187,202,191,319,298,351,328,558,553,602,602,620,586,920,872,992,963,1037,1025,997,916,2241,2173,29975,29977,29977,29978,6087,5608,5533,5604,4714,4714,29983,29984,29984,29985,29985,29986,29986,29987,29986,29987,29986,29987,29987,29988,29991,29992,29994,29993,29993,29992,29992,29992]} 1. d4 c6 2. e3 d5 3. Nf3 Nf6 4. c4 Bf5 5. Nc3 e6 6. Qb3 b6 7. cxd5 {D15: Slav Defence: 4 Nc3 a6 and gambit lines after 4 Nc3 dxc4.} exd5 8. Bd2 Bd6 9. Rc1 {Black is slightly better.} O-O 10. Ne2 {[#]} Qc7 $146 ({Predecessor:} 10... Ne4 11. Ng3 Bxg3 12. hxg3 Bg4 13. Ne5 Nxd2 14. Kxd2 Bd7 15. Be2 Qf6 16. f4 Rc8 17. Rh4 Bf5 18. Rch1 Rc7 19. g4 Be4 20. g5 Qd6 21. Bf3 Bxf3 22. Rxh7 {1-0 (22) Rolf,M (1875)-Nickel,J (1794) Offenbach 2012}) 11. Ng3 Be4 (11... Bg4 {looks sharper.} 12. Qc2 g6 13. Be2 h5 14. O-O Re8) 12. Bd3 Bxd3 13. Qxd3 Re8 14. O-O Nbd7 15. Nf5 Nf8 (15... Bf8 $11) 16. Nxd6 (16. Rc2 $1 $14) 16... Qxd6 $11 17. Qf5 Qe6 $2 (17... Ne4 $11) 18. Qxe6 $16 Rxe6 19. Ng5 $36 {[%mdl 2048] White is really pushing.} Rd6 20. Bb4 c5 21. dxc5 bxc5 22. Rxc5 Rd7 23. Rfc1 h6 24. Nf3 Ne6 25. Rc8+ Rxc8 26. Rxc8+ Kh7 27. Ne5 Rb7 28. Bc3 Ne4 29. b3 Nxc3 30. Rxc3 {[%mdl 4096] Endgame KRN-KRN} d4 31. exd4 Nxd4 {...Ne2+ is the strong threat.} 32. Kf1 f6 33. Nf3 Nb5 34. Rc4 Re7 35. a4 Nd6 36. Rc2 Rb7 37. Nd2 Nf5 38. Rc4 Rd7 39. Ke2 Nd4+ 40. Ke1 Kg6 41. b4 a6 42. f3 Re7+ 43. Kd1 Rd7 {[#]} 44. Kc1 $1 Kf5 45. Kb2 Ne2 (45... Ke5 $142 46. Rc5+ Ke6) 46. Ne4 g5 47. Rc6 Kf4 $2 (47... Ke5 48. Rxf6 Rd4 49. Rxa6 Rxb4+ 50. Ka3 Rb8 51. Rxh6 g4) 48. Rxf6+ $18 {[%mdl 64] Double Attack} Ke3 49. Rxa6 Nf4 50. b5 g4 51. b6 gxf3 52. gxf3 Nd3+ 53. Kc3 Ne5 54. Nc5 Rd1 55. b7 Rc1+ {[#]} 56. Kb2 $1 Rxc5 57. b8=Q Nd3+ 58. Kb1 Rc1+ 59. Ka2 Rc2+ 60. Ka1 Kd2 {[#]} 61. Rd6 $1 {White mates.} Rc1+ {[#]} 62. Qb1 $3 Rxb1+ 63. Kxb1 Kc3 64. Rxd3+ {[%mdl 64] Promotion} Kxd3 {KP-KP} 65. a5 Ke3 66. a6 Kxf3 67. a7 Kg2 68. a8=Q+ Kxh2 69. Qd5 Kg3 70. Qh5 Kf4 71. Qxh6+ {Accuracy: White = 79%, Black = 51%.} 1-0